[Event "Washington Class Championships"]
[Site "Lynnwood, WA"]
[Date "2014.11.29"]
[Round "4"]
[White "Sohal Tanraj  (CAN)"]
[Black "Tiglon Bryce  (WA)"]
[Result "1-0"]
[WhiteElo "2133"]
[BlackElo "2260"]
[Annotator ""]
[Source ""]
[Remark "Master"]

1.d4 d5 2.c4 e6 3.Nc3 a6 4.cxd5 exd5 5.Nf3 Be6 6.g3 Nc6 7.Bg2
f6 8.a3 Qd7 9.h4 h5 10.Ng1 Nge7 11.Nh3 Bxh3 12.Bxh3 f5 13.Bg5
g6 14.e3 Bh6 15.Bxh6 Rxh6 16.Bg2 O-O-O 17.Qd3 Kb8 18.b4 Rhh8
19.Rb1 Na7 20.b5 axb5 21.Nxb5 Nxb5 22.Rxb5 c6 23.Rb4 Kc7 24.Qb3
Rb8 25.O-O Nc8 26.Rc1 Kd8 27.Qa4 Qd6 28.Rc5 Rh7 29.Qb3 Rd7 30.Bf1
Qc7 31.a4 Ra8 32.Bg2 Ra6 33.Qb1 Ra7 34.Kh2 b6 35.Rc3 Qd6 36.Rb2
Ra5 37.Rxb6 Nxb6 38.Qxb6+ Qc7 39.Rxc6 Qxb6 40.Rxb6 Rg7 41.Rd6+
Ke7 42.Rxd5 Rxa4 43.Rb5 Ra2 44.Rb7+ Kf6 45.Rb6+ Ke7 46.Kg1 Ra1+
47.Bf1 Rg8 48.Kg2 Rc1 49.Bd3 Kf7 50.e4 fxe4 51.Bxe4 Rg7 52.Kf3
Rd1 53.Ke3 Ra1 54.Kf4 Ra5 55.d5 1-0

[Event "Washington Class Championships"]
[Site "Lynnwood, WA"]
[Date "2014.11.29"]
[Round "4"]
[White "Anand Vignesh  (WA)"]
[Black "Lawler Aidan  (WA)"]
[Result "0-1"]
[WhiteElo "1040"]
[BlackElo "1154"]
[Annotator ""]
[Source ""]
[Remark "Class D"]

1.Nf3 d5 2.d4 e6 3.Bf4 Nf6 4.Nbd2 Be7 5.c4 c6 6.e3 O-O 7.Bd3
dxc4 8.Bxc4 Nbd7 9.O-O a6 10.Bd3 b5 11.Qc2 Bb7 12.Ne5 Rc8 13.Rac1
c5 14.Qd1 c4 15.Be2 Nb6 16.Nb1 Nbd5 17.Bg3 Ne4 18.Bf3 Nxg3 19.hxg3
Ba8 20.Bxd5 Bxd5 21.Nc3 Ba8 22.Ne2 Bd6 23.b3 Bxe5 24.dxe5 Qxd1
25.Rfxd1 Bd5 26.bxc4 Bxc4 27.Nc3 b4 28.Ne4 Bxa2 29.Ra1 Bd5 30.Nd6
Ra8 31.e4 Bc6 32.Rd4 a5 33.Nc4 a4 34.f3 Rfb8 35.Rd2 Rd8 36.Rb2
Bb5 37.Nd6 Bc6 38.Kf2 f6 39.Nc4 Bb5 40.Ne3 fxe5 41.Ng4 Rac8 42.Ne3
Rc7 43.f4 Rcd7 44.Ke1 Rd3 45.Nf1 0-1

[Event "Washington Class Championships"]
[Site "Lynnwood, WA"]
[Date "2014.11.30"]
[Round "5"]
[White "Yu Jinsong  (WA)"]
[Black "Cross Jason  (WA)"]
[Result "1-0"]
[WhiteElo "1416"]
[BlackElo "1495"]
[Annotator ""]
[Source ""]
[Remark "Class C"]

1.e4 c6 2.d4 d5 3.c4 dxe4 4.Nc3 Bf5 5.f3 exf3 6.Nxf3 Bg4 7.Be2
e6 8.O-O Nf6 9.Bg5 Be7 10.Qc2 Bxf3 11.Rxf3 Qxd4+ 12.Kh1 Qd8 13.Rd1
Nbd7 14.Bxf6 Bxf6 15.Rfd3 Qc7 16.Rxd7 Qxd7 17.Rxd7 Kxd7 18.Ne4
Ke7 19.Nxf6 Kxf6 20.Qc3+ e5 21.h3 Rad8 22.Qf3+ Ke7 23.b4 Rd4
24.Qg3 Kf6 25.a4 Rhd8 26.b5 cxb5 27.axb5 b6 28.Bg4 h5 29.Qh4+
g5 30.Qxh5 Rg8 31.Qh7 Rg6 32.Qh8+ Rg7 33.Qc8 e4 34.Qf5+ Ke7 35.Qe5+ 1-0

[Event "Washington Class Championships"]
[Site "Lynnwood, WA"]
[Date "2014.11.30"]
[Round "5"]
[White "Roback Joe  (CAN)"]
[Black "Pupols Viktors  (WA)"]
[Result "1/2-1/2"]
[WhiteElo "2031"]
[BlackElo "2200"]
[Annotator ""]
[Source ""]
[Remark "Master"]

1.e4 e6 2.d4 d5 3.e5 c5 4.c3 Nc6 5.Nf3 Nh6 6.a3 cxd4 7.cxd4 Nf5
8.Nc3 Be7 9.Be2 Bd7 10.O-O g5 11.Be3 g4 12.Ne1 h5 13.Nc2 Bg5
14.Qd2 Nxe3 15.fxe3 a6 16.b4 Qe7 17.Rab1 O-O 18.Bd3 f5 19.Ne2
Na7 20.Nf4 Bxf4 21.Rxf4 Rac8 22.Rff1 Rc7 23.Rfc1 Rfc8 24.Ne1
Ba4 25.g3 h4 26.Ng2 Bb5 27.Nf4 Bxd3 28.Nxd3 b6 29.Rxc7 Rxc7 30.Rc1
hxg3 31.hxg3 Qd7 32.Qh2 Rxc1+ 33.Nxc1 Nb5 34.Qh6 Nxa3 35.Ne2
Nb5 36.Nf4 Nc7 37.Nh5 Ne8 38.Qg6+ Kf8 39.Qh6+ Kg8 40.Qg6+ Kf8 1/2-1/2

[Event "Washington Class Championships"]
[Site "Lynnwood, WA"]
[Date "2014.11.30"]
[Round "5"]
[White "Kenney Jason  (CAN)"]
[Black "Norovsambuu Badamkhand  (WA)"]
[Result "1/2-1/2"]
[WhiteElo "2094"]
[BlackElo "2070"]
[Annotator ""]
[Source ""]
[Remark "Masterr"]

1.d4 d5 2.c4 c6 3.Nf3 Nf6 4.e3 e6 5.Nbd2 Be7 6.Bd3 O-O 7.O-O
Nbd7 8.e4 dxe4 9.Nxe4 b6 10.Qe2 Bb7 11.Rd1 Re8 12.Bf4 Nf8 13.Ne5
Ng6 14.Bg3 Nxe4 15.Qxe4 Rc8 16.Rac1 Bf6 17.c5 Qd5 18.Qe2 Qd8
19.Nc4 Be7 20.Bd6 Bg5 21.Rc3 Ba6 22.Qc2 Bxc4 23.Rxc4 b5 24.Rc3
Be7 25.Be5 Qd7 26.b4 Red8 27.Bxg6 hxg6 28.a4 a6 29.Rh3 Ra8 30.Rdd3
Bf6 31.a5 Qd5 32.Qd2 Kf8 33.Rhf3 Be7 34.g4 f6 35.g5 f5 36.Bf4
Kf7 37.Rfe3 Re8 38.Re5 Qd7 39.Rde3 Bd8 40.Rh3 Bc7 1/2-1/2

[Event "Washington Class Championships"]
[Site "Lynnwood, WA"]
[Date "2014.11.30"]
[Round "5"]
[White "Kam Ethan  (WA)"]
[Black "Anand Vignesh  (WA)"]
[Result "1/2-1/2"]
[WhiteElo "1251"]
[BlackElo "1040"]
[Annotator ""]
[Source ""]
[Remark "Class D"]

1.e4 c6 2.Nc3 d5 3.d3 d4 4.Nce2 e5 5.c3 Bc5 6.Nf3 dxc3 7.Nxc3
Bg4 8.Be2 Nd7 9.h3 Bxf3 10.Bxf3 Qb6 11.O-O Ngf6 12.Na4 Qc7 13.Nxc5
Nxc5 14.Be3 Ncd7 15.Qb3 O-O 16.Rac1 Rfd8 17.Rfd1 Nb6 18.d4 exd4
19.Bxd4 Nfd7 20.Bh5 Rf8 21.Qg3 Qxg3 22.fxg3 Rae8 23.Bxb6 Nxb6
24.Re1 Re5 25.Bf3 f5 26.exf5 Rfxf5 27.Be4 Rg5 28.h4 Rh5 29.g4
Rxh4 30.Bxh7+ Kxh7 31.Rxe5 Rxg4 32.Re7 Ra4 33.Rxb7 Rxa2 34.Rxc6
Rxb2 35.Rxa7 Nd5 36.Rd7 Nf4 37.Rf7 Rxg2+ 38.Kf1 Rg6 39.Rxg6 Nxg6 1/2-1/2

[Event "Washington Class Championships"]
[Site "Lynnwood, WA"]
[Date "2014.11.30"]
[Round "5"]
[White "Anthony Ralph  (WA)"]
[Black "Pogrebinsky Daniel  (WA)"]
[Result "0-1"]
[WhiteElo "1579"]
[BlackElo "1559"]
[Annotator ""]
[Source ""]
[Remark "Class B"]

1.e4 c5 2.Nf3 Nc6 3.d4 cxd4 4.Nxd4 g6 5.c4 Bg7 6.Nc2 Nf6 7.Nc3
d6 8.Be2 O-O 9.Be3 Be6 10.O-O Rc8 11.f3 Qa5 12.a3 Ne5 13.b4 Qd8
14.Bxa7 Bxc4 15.Rc1 Bxe2 16.Nxe2 b6 17.Qd4 Nfd7 18.Qe3 Qc7 19.Bxb6
Qxb6 20.Kh1 Qxe3 21.Nxe3 Nb6 22.f4 Nec4 23.Nxc4 Nxc4 24.Rfd1
Nxa3 25.g3 Bb2 26.Rxc8 Rxc8 27.Rd5 Bf6 28.e5 dxe5 29.fxe5 e6
30.Rd3 Nc2 31.exf6 Nxb4 32.Rf3 Nd5 33.g4 h6 34.Kg2 Rc2 35.Kf2
g5 36.h3 Nf4 37.Re3 Rxe2+ 38.Rxe2 Nxe2 39.Kxe2 Kh7 40.Ke3 Kg6
41.Kd4 Kxf6 42.Ke4 Kg6 43.Kd4 f5 44.Ke5 fxg4 45.hxg4 h5 46.Ke4
hxg4 0-1

[Event "Washington Class Championships"]
[Site "Lynnwood, WA"]
[Date "2014.11.30"]
[Round "5"]
[White "Vaidya Amol  (WA)"]
[Black "Jiang Brandon  (WA)"]
[Result "1-0"]
[WhiteElo "336"]
[BlackElo "837"]
[Annotator ""]
[Source ""]
[Remark "Class E"]

1.e4 e5 2.Nf3 Nc6 3.Nc3 Nf6 4.Bb5 d6 5.d3 Bd7 6.Bg5 Be7 7.O-O
O-O 8.Bxf6 Bxf6 9.Nd5 Bg4 10.h3 Be6 11.Bc4 Re8 12.Re1 a6 13.a4
Na5 14.b3 Nxc4 15.bxc4 c6 16.Nc3 Qd7 17.d4 exd4 18.Nxd4 Bxc4
19.Nf3 Bxc3 20.Re3 Bxa1 21.Qxa1 d5 22.Ng5 d4 23.Rg3 h6 24.Nf3
Rxe4 25.c3 dxc3 26.Qxc3 f6 27.Qc2 Bd3 28.Qb3+ Bc4 29.Qc3 Qd1+
30.Kh2 Rd8 31.h4 Rd3 32.Qb2 Re2 33.Qxb7 Re7 34.Qxe7 Rd7 35.Qe8+
Kh7 {   The remainder of the scoresheet is illegible.} 1-0

[Event "Washington Class Championships"]
[Site "Lynnwood, WA"]
[Date "2014.11.30"]
[Round "5"]
[White "Hendricks David  (WA)"]
[Black "Dhingra Sangeeta  (WA)"]
[Result "0-1"]
[WhiteElo "1630"]
[BlackElo "1816"]
[Annotator ""]
[Source ""]
[Remark "Class A"]

1.d4 Nf6 2.Bf4 e6 3.e3 d5 4.Nf3 c5 5.c3 Be7 6.h3 Nbd7 7.Bd3 O-O
8.Nbd2 b6 9.O-O Bb7 10.Re1 Ne4 11.Ne5 f5 12.Bxe4 fxe4 13.Qg4
Rf6 14.Bg5 Nxe5 15.dxe5 Rg6 16.Bxe7 Qxe7 17.Qe2 Qg5 18.f4 exf3
19.Nxf3 Qg3 20.Kh1 Ba6 21.Qd2 Rf8 22.Rg1 Rxf3 23.gxf3 Qxh3+ 24.Qh2
Qxf3+ 25.Rg2 Bf1 26.Rxf1 Qxf1+ 27.Qg1 Qxg1+ 28.Kxg1 Rxg2+ 29.Kxg2
Kf7 30.Kf3 g5 31.e4 dxe4+ 32.Kxe4 Kg6 33.b4 cxb4 34.cxb4 h5 35.a4
h4 36.a5 bxa5 37.bxa5 h3 38.Kf3 g4+ 0-1

[Event "Washington Class Championships"]
[Site "Lynnwood, WA"]
[Date "2014.11.30"]
[Round "5"]
[White "Little Jack  (WA)"]
[Black "Jiang Andrew  (WA)"]
[Result "0-1"]
[WhiteElo "1080"]
[BlackElo "418"]
[Annotator ""]
[Source ""]
[Remark "Class E"]

1.e4 e5 2.Nf3 Nc6 3.Bb5 a6 4.Bxc6 dxc6 5.O-O Nf6 6.Nxe5 Qd4 7.Nf3
Qd8 8.d4 Nxe4 9.Re1 Qd5 10.Nfd2 Bf5 11.f3 Qxd4+ 12.Kh1 O-O-O
13.fxe4 Be6 14.c3 Qd3 15.Na3 Bxa3 16.bxa3 Qxc3 17.Rb1 Bxa2 18.Bb2
Qxd2 19.Bxg7 Rhg8 20.Qxd2 Rxd2 21.Rb2 Rxb2 22.Bxb2 Re8 23.Kg1
f5 24.e5 Kd7 25.Kf2 b5 26.Kf3 Bd5+ 27.Kf4 Ke6 28.Kg5 Bxg2 29.Kh6
Rh8 30.Kg7 Rd8 31.Kxh7 Rd2 32.Bc1 Rd3 33.h4 Rh3 34.Bg5 c5 35.Kg6
Bf3 36.Re3 Bh5+ 37.Kxh5 Rxe3 38.Bxe3 b4 39.Bxc5 b3 40.Bd4 c5
41.Bb2 c4 42.Kg6 f4 43.h5 f3 44.h6 f2 45.h7 f1Q 46.h8Q {The score sheet ends here, but records indicate that Black eventually won.}
 0-1

[Event "Washington Class Championships"]
[Site "Lynnwood, WA"]
[Date "2014.11.30"]
[Round "5"]
[White "Wang James  (WA)"]
[Black "Bartron Paul  (WA)"]
[Result "0-1"]
[WhiteElo "1820"]
[BlackElo "2133"]
[Annotator ""]
[Source ""]
[Remark "Expert"]

1.e4 c5 2.Nf3 e6 3.d4 cxd4 4.Nxd4 Nf6 5.Nc3 Nc6 6.Nxc6 bxc6 7.e5
Nd5 8.Ne4 Qc7 9.f4 Rb8 10.a3 Qb6 11.Qf3 Be7 12.c4 f5 13.Nf2 Nc7
14.Be2 Qa5+ 15.Bd2 Qa4 16.Nd1 Ba6 17.Rc1 c5 18.O-O O-O 19.Rc3
Bb7 20.Qh5 g6 21.Qh6 Rf7 22.Be1 Ne8 23.Bh4 Bf8 24.Qg5 d5 25.cxd5
Bxd5 26.Bf2 Nc7 27.Qg3 Nb5 28.Bxb5 Qxb5 29.Re1 Bb3 30.Ne3 Ba2
31.Nd1 c4 32.Be3 Rd8 33.Bc1 Bc5+ 34.Kh1 Bb3 35.Nf2 Bd4 36.Rf3
Bc2 37.Re2 c3 38.Nd3 Bd1 39.Re1 Bxf3 40.Qxf3 cxb2 41.Bxb2 Bxb2
42.Nxb2 Qxb2 43.Qc6 Qb6 44.Qc4 Rfd7 45.h3 Rd1 46.Rxd1 Rxd1+ 47.Kh2
Kg7 48.a4 Re1 49.Qc2 Qg1+ 50.Kg3 Re3+ 51.Kh4 Qe1+ 52.Kg5 h6# 0-1

[Event "Washington Class Championships"]
[Site "Lynnwood, WA"]
[Date "2014.11.30"]
[Round "5"]
[White "Seshadri Sridhar  (WA)"]
[Black "Abdul-Mujeeb Numan  (WA)"]
[Result "0-1"]
[WhiteElo "1740"]
[BlackElo "1654"]
[Annotator ""]
[Source ""]
[Remark "Class A"]

1.d4 e6 2.c4 d5 3.Nf3 Nf6 4.Nc3 Bb4 5.Bg5 Bxc3+ 6.bxc3 c6 7.Qc2
Nbd7 8.e3 b6 9.Bd3 Ba6 10.cxd5 Bxd3 11.Qxd3 cxd5 12.O-O Qc7 13.Bf4
Qc6 14.Rfc1 Rc8 15.Rc2 O-O 16.Rac1 Qc4 17.Qxc4 Rxc4 18.Nd2 Ra4
19.h3 Rc8 20.f3 h6 21.c4 g5 22.Bg3 dxc4 23.Nxc4 Nd5 24.Ne5 Rxc2
25.Rxc2 Nxe5 26.Bxe5 f6 27.Bb8 Nxe3 28.Rc8+ Kf7 29.Rc7+ Kg6 30.Rxa7
Rxd4 31.Ra6 Rd1+ 32.Kf2 Nd5 33.Ba7 Rd2+ 34.Kg1 Rb2 35.a3 h5 36.Bb8
h4 37.Bd6 Ne3 38.Bc7 Nd5 39.Bd6 Kf5 40.Ra4 Ne3 41.f4 Rxg2+ 42.Kh1
g4 43.hxg4+ Rxg4 44.Rb4 Nd5 45.Rb3 Rg3 46.Rb2 h3 47.Kh2 Rg2+
48.Rxg2 hxg2 49.Kxg2 Nxf4+ 50.Kf3 Nd5 51.Bb8 e5 52.Ba7 e4+ 53.Ke2
Ke5 54.Bb8+ Kd4 55.Bd6 f5 56.Bf8 f4 57.Bg7+ Kc4 58.Be5 f3+ 59.Kf2
Kd3 60.Bd6 b5 61.Bf8 Ne3 62.Bc5 Nd1+ 63.Kg3 Ke2 64.Kf4 e3 0-1

[Event "Washington Class Championships"]
[Site "Lynnwood, WA"]
[Date "2014.11.30"]
[Round "5"]
[White "Buck Stephen  (WA)"]
[Black "Crenshaw Russell (OR)"]
[Result "1-0"]
[WhiteElo "1719"]
[BlackElo "1608"]
[Annotator ""]
[Source ""]
[Remark "Class B"]

1.c4 d6 2.Nc3 Nf6 3.g3 c5 4.Bg2 g6 5.Nf3 Bg7 6.O-O O-O 7.d3 Nc6
8.Rb1 Rb8 9.a3 Bd7 10.h3 Qc8 11.Kh2 Re8 12.Ne1 e5 13.Nc2 Nd4
14.e4 a6 15.Ne3 Be6 16.Ned5 Nxd5 17.Nxd5 Bxd5 18.cxd5 Qd7 19.Be3
Rbc8 20.Rc1 Qb5 21.Bxd4 cxd4 22.Qd2 Qd7 23.h4 Rxc1 24.Rxc1 Qe7
25.Qa5 Qf6 26.Rc2 Qd8 27.Qxd8 Rxd8 28.Rc7 Rb8 29.Bh3 a5 30.b3
Bh6 31.Kg2 Bc1 32.Rxc1 b6 33.Rc8+ Rxc8 34.Bxc8 f6 35.f4 h5 36.b4 1-0

[Event "Washington Class Championships"]
[Site "Lynnwood, WA"]
[Date "2014.11.30"]
[Round "5"]
[White "Pothukuchi Revanth  (WA)"]
[Black "Haining Breck  (WA)"]
[Result "1-0"]
[WhiteElo "1301"]
[BlackElo "1358"]
[Annotator ""]
[Source ""]
[Remark "Class D"]

1.e4 g6 2.d4 Bg7 3.Nf3 d6 4.Nc3 Nf6 5.h3 O-O 6.Be3 Nbd7 7.Qd2
c5 8.Be2 cxd4 9.Nxd4 Nc5 10.f3 e5 11.Ndb5 Ne8 12.Bxc5 Qh4+ 13.Bf2
Qf4 14.Qxf4 exf4 15.O-O-O Be5 16.Bd4 a6 17.Bxe5 dxe5 18.Na3 b5
19.Nd5 Bb7 20.Kb1 Bxd5 21.Rxd5 f6 22.Rg1 Ra7 23.g3 fxg3 24.Rxg3
Ng7 25.c3 Nh5 26.Rg4 Nf4 27.Rd2 Nxe2 28.Rxe2 Rd7 29.Kc2 Rfd8
30.Rgg2 b4 31.Nb1 Rc7 32.Rd2 Rb8 33.Rd6 Rcb7 34.b3 bxc3 35.Nxc3
Rb6 36.Rgd2 Kg7 37.Na4 Rc8+ 38.Kb2 Rbc6 39.Rxc6 Rxc6 40.Rc2 Rd6
41.Kc1 Rd3 42.Rf2 Kh6 43.Kc2 Rd6 44.Nc5 Rc6 45.b4 Kg5 46.Kd3
a5 47.a3 axb4 48.axb4 Rd6+ 49.Ke2 Rb6 50.Nd3 f5 51.exf5 Kxf5
52.f4 e4 53.Ne5 Rxb4 54.Ng4 Rb2+ 55.Kf1 Rxf2+ 56.Kxf2 Kxf4 57.Ne3
g5 58.Ng2+ Ke5 59.Kg3 h5 {
 Either there is more to this game, or Black lost on time.  This just doesn't
look like a place for a resignation; too many chances to draw.} 1-0

[Event "Washington Class Championships"]
[Site "Lynnwood, WA"]
[Date "2014.11.30"]
[Round "5"]
[White "Puri Ishaan  (WA)"]
[Black "Bailey Daniel  (WA)"]
[Result "1-0"]
[WhiteElo "1595"]
[BlackElo "1759"]
[Annotator ""]
[Source ""]
[Remark "Class B"]

1.e4 c5 2.Nf3 a6 3.b3 d6 4.Bb2 Nc6 5.c4 e5 6.Nc3 Nge7 7.Be2 g6
8.h3 Bg7 9.O-O O-O 10.Re1 Be6 11.Nd5 Nd4 12.Nxd4 exd4 13.Bf3
Rb8 14.d3 b5 15.Qd2 Qd7 16.Qc2 Be5 17.Bc1 f5 18.Bh6 Rf7 19.Qd2
fxe4 20.Bxe4 Nxd5 21.cxd5 Bxh3 22.gxh3 Qxh3 23.Bg2 Qh4 24.Re4
Qf6 25.Bg5 ( 25.f4 {!} ) Qf5 26.f3 Bf6 27.Bxf6 Rxf6 28.Rae1 Rbf8
29.Re7 Qxd5 30.Qh6 R6f7 31.f4 Qf5 32.Rxf7 Qxf7 33.Bd5 Qxd5 34.Re7
Qf7 35.Rxf7 Rxf7 36.Qg5 Kg7 37.Kg2 Rf6 38.Qd5 Rxf4 39.Qxd6 Rf5
40.Qxa6 b4 41.Qb7+ Rf7 42.Qc6 Rf5 43.Kg3 h5 44.Qe8 Kh6 45.Qe7
Rg5+ 46.Kf4 Rg4+ 47.Ke5 Rg5+ 48.Kd6 Rf5 49.Ke6 Rg5 50.Kf7
( 50.Qf8+ ) Rf5+ 51.Kg8 Rd5 52.Qh4 Rf5 53.Qe4 Rf6 54.Qe7 Rf5
55.Qa7 h4 56.Qh7+ Kg5 57.Kg7 Rf6 58.Qh6+ Kf5 59.Qxh4 Re6 60.Qh3+
Ke5 61.Qg3+ Kf5 62.Qf3+ Ke5 63.Qe4+ Kd6 64.Qf4+ Kd5 65.Qg5+ Kd6
66.Qd8+ Ke5 67.Kf7 Rd6 68.Qg5# 1-0

[Event "Washington Class Championships"]
[Site "Lynnwood, WA"]
[Date "2014.11.30"]
[Round "6"]
[White "Pupols Viktors  (WA)"]
[Black "Chan James  (CAN)"]
[Result "1-0"]
[WhiteElo "2200"]
[BlackElo "2116"]
[Annotator ""]
[Source ""]
[Remark "Master"]

1.d4 d5 2.Nf3 Nf6 3.e3 c6 4.Bd3 g6 5.O-O Bg4 6.Nbd2 Bg7 7.h3
Bxf3 8.Nxf3 Nbd7 9.c4 dxc4 10.Bxc4 O-O 11.b3 Qa5 12.Bb2 Rad8
13.Qc2 Rc8 14.Rfd1 b5 15.Bf1 c5 16.d5 c4 17.bxc4 bxc4 18.Bc3
Qa6 19.Rac1 Nb6 20.e4 Bh6 21.Rb1 Qa4 22.Qe2 Rfe8 23.Nd4 Nfd7
24.Nb5 Rc5 25.Nd4 Rcc8 26.g3 Nc5 27.f4 Nd3 28.Qd2 Nc5 29.Bg2
Rcd8 30.Ba5 e5 31.Nc6 c3 32.Qxc3 Nxe4 33.Bxe4 Qxe4 34.Nxd8 Rxd8
35.Bxb6 axb6 36.Qxe5 Qf3 37.Qe1 Bf8 38.Rb3 Qh5 39.g4 Qh6 40.Qe4
Bc5+ 41.Kg2 Qh4 42.Rb2 g5 43.f5 Bd6 44.Qe1 Qh6 45.Rxb6 Qf6 46.Qe2
Ra8 47.Rb3 Ra7 48.Qf2 Ra4 49.Re1 h5 50.Re8+ Kg7 51.gxh5 g4 52.h4
Kh7 53.Qb2 Rd4 54.Rd3 Qxh4 55.Qxd4 Qh2+ 56.Kf1 Qh1+ 57.Ke2 Qg2+
58.Kd1 1-0

[Event "Washington Class Championships"]
[Site "Lynnwood, WA"]
[Date "2014.11.30"]
[Round "6"]
[White "Hosford Michael  (WA)"]
[Black "Mitchell Mika  (WA)"]
[Result "1-0"]
[WhiteElo "1956"]
[BlackElo "1814"]
[Annotator ""]
[Source ""]
[Remark "Class A"]

1.Nf3 d5 2.d3 e6 3.g3 Nf6 4.Bg2 Bc5 5.O-O O-O 6.c3 a5 7.Qc2 Re8
8.d4 Bd6 9.Ne5 Nfd7 10.f4 f6 11.Nxd7 Bxd7 12.e4 Bb5 13.Re1 c6
14.e5 fxe5 15.fxe5 Bf8 16.Nd2 Nd7 17.Nf3 Be7 18.a4 Ba6 19.h4
b5 20.axb5 cxb5 21.Bg5 Nf8 22.Bxe7 Rxe7 23.Ng5 h6 24.Nh3 Qb6
25.Nf4 b4 26.Nxd5 1-0

[Event "Washington Class Championships"]
[Site "Lynnwood, WA"]
[Date "2014.11.30"]
[Round "6"]
[White "Anthony Ralph  (WA)"]
[Black "Shaji Karthik  (WA)"]
[Result "1-0"]
[WhiteElo "1579"]
[BlackElo "1497"]
[Annotator ""]
[Source ""]
[Remark "Class B"]

1.e4 c5 2.Nf3 d6 3.d4 cxd4 4.Nxd4 Nf6 5.f3 a6 6.c4 e6 7.Nc3 Be7
8.Be3 Nbd7 9.Be2 Qc7 10.O-O O-O 11.Rc1 b6 12.Qd2 Bb7 13.Rfd1
Nc5 14.b4 Ncd7 15.a3 Rac8 16.g4 Ne5 17.g5 Nfd7 18.f4 Nc6 19.Nd5
Qd8 20.Nxc6 Bxc6 21.Nxe7+ Qxe7 22.Qxd6 Qxd6 23.Rxd6 Rfd8 24.Rcd1
Kf8 25.b5 axb5 26.cxb5 Bxe4 27.Rxd7 Rxd7 28.Rxd7 Rc2 29.Rd2 Rc1+
30.Rd1 Rc2 31.Kf2 Ra2 32.Bxb6 Rxa3 33.Bc5+ 1-0

[Event "Washington Class Championships"]
[Site "Lynnwood, WA"]
[Date "2014.11.30"]
[Round "6"]
[White "Greninger Harley  (WA)"]
[Black "Villavieja Butch  (CAN)"]
[Result "0-1"]
[WhiteElo "2155"]
[BlackElo "2236"]
[Annotator ""]
[Source ""]
[Remark "Master"]

1.d4 Nf6 2.Nf3 g6 3.Nc3 d5 4.Bf4 c6 5.e3 Bg7 6.Be2 O-O 7.Ne5
Nfd7 8.Nd3 f6 9.h4 e5 10.Bg3 Qe7 11.h5 b5 12.hxg6 hxg6 13.a3
Re8 14.Kf1 a5 15.Qd2 Na6 16.Na2 Nc7 17.c3 Ne6 18.Re1 Ba6 19.b4
Bb7 20.Nac1 Nb6 21.Nb3 Nc4 22.Qc1 axb4 23.axb4 Ra2 24.Ndc5 Nxc5
25.dxc5 Ra7 26.Bxc4 bxc4 27.Na5 Ra6 28.e4 Bc8 29.Qb1 Qf7 30.Rd1
Be6 31.Rd2 Bf8 32.Qd1 Bxc5 33.Nxc6 Rea8 34.Na5 d4 35.Ke2 d3+
36.Kf1 Bb6 37.Ra2 Bxa5 38.Qa1 Qa7 39.Qc1 Bd8 40.Rh8+ Kxh8 41.Qh6+
Kg8 42.Qxg6+ Kf8 0-1

[Event "Washington Class Championships"]
[Site "Lynnwood, WA"]
[Date "2014.11.30"]
[Round "6"]
[White "Le Blanc Paul  (CAN)"]
[Black "Yu Jason  (WA)"]
[Result "1-0"]
[WhiteElo "1882"]
[BlackElo "1832"]
[Annotator ""]
[Source ""]
[Remark "Class A"]

1.d4 d5 2.c4 e6 3.f3 Nf6 4.e3 Nbd7 5.Bd3 Be7 6.Ne2 b6 7.O-O Bb7
8.b3 c5 9.Bb2 O-O 10.Nd2 Re8 11.e4 cxd4 12.exd5 exd5 13.Nxd4
Ne5 14.Be2 Bc5 15.Kh1 Ba6 16.Rc1 Rc8 17.a3 dxc4 18.Nxc4 Nxc4
19.Bxc4 Bxc4 20.bxc4 Bxd4 21.Qxd4 Qxd4 22.Bxd4 Nd7 23.Kg1 f6
24.Kf2 Nc5 25.Rc3 Kf7 26.g3 Ne6 27.Be3 Rc6 28.h4 Rec8 29.Rfc1
a6 30.Ke2 Ke7 31.a4 b5 32.axb5 axb5 33.c5 Nc7 34.Bf4 Nd5 35.Bd6+
Ke6 36.R3c2 b4 37.Kd3 Kd7 38.Re1 Ra6 39.Rb2 Ra3+ 40.Kd4 Kc6 41.Re6
Nc7 42.Bxc7+ Kxc7 43.Rxb4 Rd8+ 44.Kc4 Rxf3 45.Re7+ Rd7 46.Rxd7+
Kxd7 47.Rb7+ Kc6 48.Rxg7 h6 49.Rg6 h5 50.Kd4 Rf1 51.Rh6 Rf3 52.Ke4
Rxg3 53.Rxh5 Rg1 54.Kf5 Kxc5 55.Kxf6+ Kd6 56.Rg5 Rf1+ 57.Kg7
Ke6 58.h5 Rf7+ 59.Kg8 Rf5 60.Rxf5 Kxf5 61.h6 Kg6 62.h7 Kf5 63.h8Q
Ke4 64.Kf7 Kd5 65.Qf6 Ke4 66.Ke6 Ke3 67.Kd5 Kd3 68.Qf3+ Kd2 69.Kd4
Kc2 70.Qa3 Kb1 71.Qb3+ Ka1 72.Qb7 Ka2 73.Kc3 Ka1 74.Qb2# 1-0

[Event "Washington Class Championships"]
[Site "Lynnwood, WA"]
[Date "2014.11.30"]
[Round "6"]
[White "Sohal Tanraj  (CAN)"]
[Black "Szabo Marcell  (WA)"]
[Result "1-0"]
[WhiteElo "2133"]
[BlackElo "2169"]
[Annotator ""]
[Source ""]
[Remark "Master"]

1.d4 Nf6 2.c4 g6 3.Nc3 Bg7 4.e4 d6 5.Nf3 O-O 6.Be2 Na6 7.O-O
e5 8.Be3 Ng4 9.Bg5 Qe8 10.h3 f6 11.Bh4 Nh6 12.Rb1 exd4 13.Nxd4
Nc5 14.Bf3 Ne6 15.Nxe6 Bxe6 16.Nd5 Qd7 17.b3 Rae8 18.Bg3 Nf7
19.Nf4 Ne5 20.Nxe6 Nxf3+ 21.Qxf3 Qxe6 22.e5 dxe5 23.Qxb7 Qb6
24.Qd5+ Qe6 25.Rbd1 f5 26.f3 Rf7 27.Rfe1 e4 28.Qxe6 Rxe6 29.Rd8+
Bf8 30.Bf2 a6 31.Bc5 Kg7 32.Bxf8+ Rxf8 33.Rxf8 Kxf8 34.fxe4 fxe4
35.Kf2 Ke7 36.Ke3 Kd6 37.Rd1+ Kc6 38.Rd4 Rf6 39.Rxe4 Rf1 40.Re6+
Kb7 41.Kd3 Ra1 42.Re2 Kb6 43.Kc3 a5 44.Kb2 Rg1 45.Ka3 c6 46.Ka4
Rc1 47.a3 Rc3 48.Rf2 h5 49.Rf3 Rc2 50.Rg3 h4 51.Rxg6 Ra2 52.Rg5
Rc2 53.Rxa5 c5 54.Rb5+ Kc6 55.Rb8 Rxg2 56.Rh8 Rg7 57.Rh6+ 1-0

[Event "Washington Class Championships"]
[Site "Lynnwood, WA"]
[Date "2014.11.30"]
[Round "6"]
[White "Sullivan Brian  (CAN)"]
[Black "Bashkansky Naomi (WA)"]
[Result "1/2-1/2"]
[WhiteElo "1618"]
[BlackElo "1715"]
[Annotator ""]
[Source ""]
[Remark "Class B"]

1.d4 d5 2.c4 dxc4 3.e3 Nf6 4.Bxc4 e6 5.Nc3 c5 6.Nf3 a6 7.a4 b6
8.O-O Bb7 9.Be2 Be7 10.dxc5 Qxd1 11.Rxd1 Bxc5 12.b3 O-O 13.Ba3
Bxa3 14.Rxa3 Nbd7 15.Raa1 Rfd8 16.h3 Nc5 17.b4 Nce4 18.Nxe4 Nxe4
19.Rac1 Rxd1+ 20.Bxd1 Rc8 21.Rxc8+ Bxc8 22.Kf1 Nc3 23.Ke1 Nd5
24.b5 axb5 25.axb5 Nc3 26.Kd2 Nxb5 27.Nd4 Nxd4 28.exd4 Ba6 29.g3
Bf1 30.h4 Kf8 31.Kc3 Ke7 32.Kb4 Kd6 33.Bf3 b5 34.Bb7 Bc4 35.Bg2
Bd5 36.Bf1 Bc6 37.f4 f6 38.g4 e5 39.dxe5+ fxe5 40.fxe5+ Kxe5
41.Kc5 Bd7 42.g5 Kf4 43.Kd6 Bc8 44.Bxb5 Kg4 45.Ke5 Kxh4 46.Kf4
Bg4 47.Bd3 h6 48.gxh6 gxh6 49.Bf1 h5 50.Bg2 Bh3 51.Bf3 Bg4 52.Bg2 1/2-1/2

[Event "Washington Class Championships"]
[Site "Lynnwood, WA"]
[Date "2014.11.30"]
[Round "6"]
[White "Bonrud Neal  (WA)"]
[Black "Puri Ishaan  (WA)"]
[Result "1-0"]
[WhiteElo "1718"]
[BlackElo "1595"]
[Annotator ""]
[Source ""]
[Remark "Class B"]

1.e4 e5 2.Nf3 Nc6 3.Bc4 Nf6 4.d3 Bc5 5.c3 a6 6.Bb3 d6 7.h3 Be6
8.Bc2 h6 9.Nbd2 Qd7 10.Nf1 Bb6 11.Ng3 O-O-O 12.d4 exd4 13.cxd4
d5 14.e5 Ng8 15.O-O Nge7 16.Ba4 Ba7 17.Be3 Nf5 18.Qd2 b5 19.Bc2
Bb6 20.b4 Nce7 21.Nxf5 Bxf5 22.a4 Kb7 23.Rfc1 g5 24.Ne1 g4 25.hxg4
Bxg4 26.Bxh6 Rdg8 27.Bf4 Bf3 28.Nxf3 Qh3 29.Kf1 Rxg2 30.Ke2 Rhg8
31.Rg1 R2g4 32.Rxg4 Rxg4 33.axb5 axb5 34.Rg1 Rxg1 35.Nxg1 Nc6
36.Nxh3 1-0

[Event "Washington Class Championships"]
[Site "Lynnwood, WA"]
[Date "2014.11.30"]
[Round "6"]
[White "Fields Noah  (WA)"]
[Black "Kenney Jason  (CAN)"]
[Result "1/2-1/2"]
[WhiteElo "2056"]
[BlackElo "2094"]
[Annotator ""]
[Source ""]
[Remark "Master"]

1.e4 c6 2.d4 d5 3.Nd2 dxe4 4.Nxe4 Bf5 5.Ng3 Bg6 6.h4 h6 7.Nf3
Nd7 8.h5 Bh7 9.Bd3 Bxd3 10.Qxd3 e6 11.Bd2 Ngf6 12.O-O-O Be7 13.c4
O-O 14.Qe2 b5 15.Ne5 bxc4 16.Qxc4 Nb6 17.Ba5 Nxc4 18.Bxd8 Rfxd8
19.Nxc4 Rd5 20.Ne5 c5 21.Nc6 Bf8 22.Kb1 Rd6 23.Na5 cxd4 24.Nb3
Rad8 25.Rh4 d3 26.Ne4 Rd5 27.Nxf6+ gxf6 28.Rh3 e5 29.Re3 f5 30.Nc1
e4 31.f3 d2 32.Nb3 Rd3 33.Rxd3 Rxd3 34.fxe4 fxe4 35.Rxd2 Rg3
36.Re2 f5 37.Nd4 Rg5 38.Kc2 Rxh5 39.Rf2 Rg5 40.Ne6 e3 41.Re2
Rg6 42.Nf4 Rg4 43.Nd5 Ra4 44.Nxe3 Rxa2 1/2-1/2